TH-SOF-1253-Development Of An Integrated Framework For Optimization Of Sheet Metal Work Through Bi-Directional Information Flow Between Design and Manufacturing Processes (Record no. 577147)

000 -LEADER
fixed length control field 00546nam a22001577a 4500
003 - CONTROL NUMBER IDENTIFIER
control field NUST
038 ## - RECORD CONTENT LICENSOR
Staff Name baig
082 ## - DEWEY DECIMAL CLASSIFICATION NUMBER
Classification number 200 THE
100 ## - MAIN ENTRY--PERSONAL NAME
Personal name Zahid Faraz
9 (RLIN) 84148
110 ## - MAIN ENTRY--CORPORATE NAME
Corporate name or jurisdiction name as entry element Supervisor Dr Syed WAheed Ul Haq
9 (RLIN) 84149
245 ## - TITLE STATEMENT
Title TH-SOF-1253-Development Of An Integrated Framework For Optimization Of Sheet Metal Work Through Bi-Directional Information Flow Between Design and Manufacturing Processes
260 ## - PUBLICATION, DISTRIBUTION, ETC.
Place of publication, distribution, etc. Islamabad:
Name of publisher, distributor, etc. NUST College of EME,
Date of publication, distribution, etc. 2016
563 ## - BINDING INFORMATION
Binding note hb
650 ## - SUBJECT ADDED ENTRY--TOPICAL TERM
Topical term or geographic name entry element PhD MECHANICAL ENGINEERING
9 (RLIN) 84150
942 ## - ADDED ENTRY ELEMENTS (KOHA)
Koha item type Computer Files
Source of classification or shelving scheme
Holdings
Withdrawn status Lost status Damaged status Not for loan Permanent Location Current Location Shelving location Date acquired Total Checkouts Full call number Barcode Date last seen Price effective from Koha item type
        College of Electrical & Mechanical Engineering (CEME) College of Electrical & Mechanical Engineering (CEME) Reference 11/20/2019   200 THE TH-SOF-1253 06/28/2021 06/28/2021 Computer Files
© 2023 Central Library, National University of Sciences and Technology. All Rights Reserved.